Mantiq-Ut-Tair (Record no. 12545)
[ view plain ]
| 000 -LEADER | |
|---|---|
| fixed length control field | 00626nam a2200253 a 4500 |
| 020 ## - INTERNATIONAL STANDARD BOOK NUMBER | |
| ISBN | |
| 082 00 - DEWEY DECIMAL CLASSIFICATION NUMBER | |
| Classification number | 297.4 |
| Author Cutter | ATT1 |
| 100 ## - MAIN ENTRY--AUTHOR NAME | |
| Author name | Attar, Shaikh Fareeduddin |
| 245 ## - TITLE STATEMENT | |
| Title | Mantiq-Ut-Tair |
| 260 ## - PUBLICATION, DISTRIBUTION, ETC. (IMPRINT) | |
| Place of publication | Tehran |
| Name of publisher | University of Tehran |
| Year of publication | 1964 |
| 300 ## - PHYSICAL DESCRIPTION | |
| Number of Pages | 384p |
| 500 ## - GENERAL NOTE | |
| General note | includes index and biblioraphy |
| 505 2# - FORMATTED CONTENTS NOTE | |
| Formatted contents note | Arabic-English |
| 650 ## - SUBJECT ADDED ENTRY--TOPICAL TERM | |
| Topical Term | Sufism |
| 650 ## - SUBJECT ADDED ENTRY--TOPICAL TERM | |
| Topical Term | Fareeduddin Attar-Sufism |
| 942 ## - ADDED ENTRY ELEMENTS (KOHA) | |
| Koha item type | Books |
| 700 1# - | |
| -- | Attar, Shaikh Fareeduddin |
| Collection code | Home library | Current library | Date acquired | Cost, normal purchase price | Full call number | Accession Number | Koha item type |
|---|---|---|---|---|---|---|---|
| Henry Martyn Institute Library | Henry Martyn Institute Library | 08/09/2007 | 100.00 | 297.4 ATT1 | 015637 | Books |
